Κόμματα και κομματικά συστήματα : Συγκριτική προσέγγιση και θεωρία
Αποθηκεύτηκε σε:
| Κύριος συγγραφέας: | |
|---|---|
| Μορφή: | Βιβλίο |
| Γλώσσα: | Greek |
| Δημοσίευση: |
Αθήνα :
Εξάντας,
1989
|
| Θέματα: | |
| Ετικέτες: |
Προσθήκη ετικέτας
Δεν υπάρχουν, Καταχωρήστε ετικέτα πρώτοι!
|
MARC
| LEADER | 00000cam a2200000 i 4500 | ||
|---|---|---|---|
| 001 | 1/73364 | ||
| 008 | 960509s1989 gr ||| | gre|| | ||
| 035 | |a 1989 |b 2 |c Δωρεά |l 10031496 | ||
| 040 | |a GR-MY-UA |b gre |e aacr | ||
| 041 | 0 | |a gre | |
| 082 | 0 | |a 324.209 | |
| 100 | 1 | |a Διαμαντόπουλος, Θανάσης Σ., |d 1951- | |
| 245 | 1 | 0 | |a Κόμματα και κομματικά συστήματα : |b Συγκριτική προσέγγιση και θεωρία / |c Θανάσης Διαμαντόπουλος |
| 260 | |a Αθήνα : |b Εξάντας, |c 1989 | ||
| 300 | |a 349 σ. | ||
| 650 | 0 | 0 | |a Political parties |x Philosophy. |
| 650 | 0 | 0 | |a Political parties |x History. |
| 852 | |a INST |b RHODES |e 19960509 |h 324.209 ΔΙΑ |p 005400004021 |q 005400004021 |t BK |y 0 | ||
| 909 | |a Ρ |b 014803 |c 1989 | ||